000 00711nam a2200253Ia 4500
003 OSt
005 20220923212323.0
006 a|||||r|||| 00| 0
007 ta
008 220922b |||||||| |||| 00| 0 hin d
024 _a152,213
037 _cTextual
040 _aARTS
_cARTS
_bhin
041 _2hin
_ahin
082 _a/\3x, 152K5
100 _aनथमल
245 0 _aभाव और अनुभाव
246 _aBhāv aur anubhāva
250 _aसंशो संस्क 2
260 _c1965
490 _aज्ञारपीठ लोकोदय ग्रन्थमाला; 182
942 _h/\3x, 152K5
_cTEXL
_2CC
999 _c307862
_d307862